000 00852 a2200241 4500
999 _c9066
_d9066
020 _a9781136263651
050 0 0 _aHQ1381BEN2016
100 1 _aBenerà•, Lourdes,
_eauthor.
245 1 0 _aGender, development, and globalization :
_beconomics as if all people mattered /
_c
250 _aSecond edition.
264 1 _aNew York :
_bRoutledge,
_c2016.
300 _a1 online resource.
500 _aEarlier edition published in 2003.
504 _aIncludes bibliographical references and index.
650 0 _aFeminist economics.
650 0 _aWomen in development.
650 0 _aGlobalization.
650 0 _aEconomic development
_xSocial aspects.
700 1 _a
_eauthor.
700 1 _aFloro, Maria,
_eauthor.
942 _2lcc
_cBK
_h1381
_iBEN
_kHQ